[Event "SVK-chT2B 2223"]
[Site "Slovakia"]
[Date "2022.10.09"]
[Round "2.8"]
[White "Janicek, Jozef"]
[Black "Barczi, Viktor"]
[Result "1/2-1/2"]
[WhiteElo "1630"]
[BlackElo "1805"]
[PlyCount "40"]
[EventDate "2022.10.08"]
[EventType "team-tourn"]
[EventRounds "11"]
[EventCountry "SVK"]
[SourceTitle "CBM 210 Extra"]
[Source "ChessBase"]
[SourceDate "2022.11.30"]
[SourceVersion "1"]
[SourceVersionDate "2022.11.30"]
[SourceQuality "1"]
[WhiteTeam "Belusa"]
[BlackTeam "Batorove Kosihy"]
[WhiteTeamCountry "SVK"]
[BlackTeamCountry "SVK"]

1. c4 c5 2. Nc3 Nc6 3. g3 b6 4. Bg2 Bb7 5. Nf3 g6 6. 0-0 Bg7 7. d3 Nf6 8. e4 d6 9. Re1 e5 10. Bg5 h6 11. Bxf6 Bxf6 12. Nd5 0-0 13. Qd2 Bg7 14. a3 Nd4 15. Nxd4 cxd4 16. f4 Bxd5 17. cxd5 Rc8 18. Rac1 Qd7 19. Rxc8 Rxc8 20. Rc1 h5 1/2-1/2

[Event "SVK-chT3B2 1920"]
[Site "Slovakia"]
[Date "2020.06.28"]
[Round "11.5"]
[White "Janicek, Jozef"]
[Black "Lukac, Jozef1"]
[Result "1/2-1/2"]
[WhiteElo "1659"]
[BlackElo "1537"]
[PlyCount "60"]
[EventDate "2019.10.06"]
[EventType "team-tourn"]
[EventRounds "11"]
[EventCountry "SVK"]
[SourceTitle "EXT 2022"]
[Source "ChessBase"]
[SourceDate "2021.10.06"]
[SourceVersion "1"]
[SourceVersionDate "2021.10.06"]
[SourceQuality "1"]
[WhiteTeam "Belusa"]
[BlackTeam "Lehota pod Vtacnikom"]
[WhiteTeamCountry "SVK"]
[BlackTeamCountry "SVK"]

1. d4 Nf6 2. c4 d5 3. Nc3 dxc4 4. e3 a6 5. Bxc4 b5 6. Bd3 e6 7. a3 Bb7 8. Nf3 Bd6 9. e4 Be7 10. 0-0 c5 11. dxc5 Bxc5 12. b4 Bb6 13. Bb2 0-0 14. Qc2 g6 15. Rad1 Qe7 16. h3 e5 17. Qb3 Nc6 18. Nd5 Nxd5 19. exd5 Nd4 20. Nxd4 Bxd4 21. Be4 Qh4 22. Bxd4 Qxe4 23. Bc5 Rfe8 24. f3 Qf5 25. Rfe1 Rad8 26. d6 Rd7 27. Re3 Qe6 28. Qc3 Bd5 29. Rde1 f6 30. Qd2 Bc6 1/2-1/2

[Event "SVK-chT3B2 1920"]
[Site "Slovakia"]
[Date "2020.06.21"]
[Round "10.4"]
[White "Janicek, Jozef"]
[Black "Kopcok, Michal"]
[Result "0-1"]
[WhiteElo "1659"]
[BlackElo "1898"]
[PlyCount "52"]
[EventDate "2019.10.06"]
[EventType "team-tourn"]
[EventRounds "11"]
[EventCountry "SVK"]
[SourceTitle "EXT 2022"]
[Source "ChessBase"]
[SourceDate "2021.10.06"]
[SourceVersion "1"]
[SourceVersionDate "2021.10.06"]
[SourceQuality "1"]
[WhiteTeam "Belusa"]
[BlackTeam "Nemsova Horne Srnie"]
[WhiteTeamCountry "SVK"]
[BlackTeamCountry "SVK"]

1. d4 Nf6 2. Nf3 g6 3. Nc3 d5 4. Bf4 Bg7 5. h3 0-0 6. e3 a6 7. a4 Nbd7 8. Ne5 e6 9. Be2 c5 10. 0-0 Qb6 11. Rb1 Nxe5 12. Bxe5 Bd7 13. b3 Ne8 14. Bxg7 Nxg7 15. Na2 Nf5 16. c3 Rfd8 17. b4 c4 18. Qc2 Nd6 19. g4 f5 20. Kg2 f4 21. Bf3 Rf8 22. Rbe1 Qd8 23. Nc1 Qg5 24. Rh1 Nf5 25. Qe2 Nh4+ 26. Kh2 fxe3 0-1

[Event "SVK-chT3B2 1920"]
[Site "Slovakia"]
[Date "2020.01.19"]
[Round "6.4"]
[White "Janicek, Jozef"]
[Black "Zahorcek, Jakub"]
[Result "1/2-1/2"]
[WhiteElo "1659"]
[BlackElo "1677"]
[PlyCount "58"]
[EventDate "2019.10.06"]
[EventType "team-tourn"]
[EventRounds "11"]
[EventCountry "SVK"]
[SourceTitle "CBM 195 Extra"]
[Source "ChessBase"]
[SourceDate "2020.05.31"]
[SourceVersion "1"]
[SourceVersionDate "2020.05.31"]
[SourceQuality "1"]
[WhiteTeam "Belusa"]
[BlackTeam "Povazske Podhradie"]
[WhiteTeamCountry "SVK"]
[BlackTeamCountry "SVK"]

1. d4 f5 2. Nf3 Nf6 3. Bf4 e6 4. h3 b6 5. e3 Bb7 6. Nbd2 Be7 7. c4 Bb4 8. a3 Bxd2+ 9. Nxd2 0-0 10. Nf3 d6 11. b4 a5 12. Be2 Nbd7 13. 0-0 h6 14. Bh2 Ne4 15. Nd2 Nc3 16. Qe1 axb4 17. Bf3 d5 18. axb4 Qe7 19. Rxa8 Rxa8 20. Nb1 Nxb1 21. Qxb1 Nf6 22. Qb2 Ra4 23. Rb1 g5 24. c5 b5 25. Be2 c6 26. Ra1 Rxa1+ 27. Qxa1 Ne4 28. Qa7 Kf7 29. Be5 Bc8 1/2-1/2

[Event "SVK-chT3B2 1920"]
[Site "Slovakia"]
[Date "2019.10.06"]
[Round "1.6"]
[White "Janicek, Jozef"]
[Black "Bezak, Radovan"]
[Result "1/2-1/2"]
[WhiteElo "1659"]
[BlackElo "1628"]
[PlyCount "98"]
[EventDate "2019.10.06"]
[EventType "team-tourn"]
[EventRounds "11"]
[EventCountry "SVK"]
[SourceTitle "CBM 193 Extra"]
[Source "ChessBase"]
[SourceDate "2020.01.31"]
[SourceVersion "1"]
[SourceVersionDate "2020.01.31"]
[SourceQuality "1"]
[WhiteTeam "Belusa"]
[BlackTeam "Chynorany"]
[WhiteTeamCountry "SVK"]
[BlackTeamCountry "SVK"]

1. d4 d5 2. Nf3 e6 3. Bf4 Nf6 4. e3 Be7 5. h3 0-0 6. Nbd2 c5 7. c4 Nc6 8. Be2 cxd4 9. exd4 dxc4 10. Nxc4 Bb4+ 11. Bd2 Bxd2+ 12. Qxd2 Qd5 13. Ne3 Qa5 14. Qxa5 Nxa5 15. Ne5 Rd8 16. b4 Nc6 17. Nxc6 bxc6 18. Nc2 Bb7 19. Bf3 Nd5 20. a4 Ba6 21. Be2 Bxe2 22. Kxe2 Rab8 23. b5 cxb5 24. axb5 Nc3+ 25. Ke3 Nd5+ 26. Kf3 Rxb5 27. Rxa7 Rb3+ 28. Ne3 Nf6 29. Rha1 Rb4 30. Nc2 Rb2 31. Ra8 Rdb8 32. Rxb8+ Rxb8 33. Ne3 Rd8 34. Ra5 h6 35. Ra4 Kh7 36. g4 Kg6 37. Kf4 Rb8 38. h4 h5 39. g5 Nd7 40. d5 exd5 41. Ra6+ f6 42. Nxd5 Rb2 43. f3 Rd2 44. Ne7+ Kf7 45. Nf5 Kg6 46. Re6 Ne5 47. Re7 Nf7 48. gxf6 Kxf6 49. Re3 g6 1/2-1/2

[Event "SVK-chT3B2 1819"]
[Site "Slovakia"]
[Date "2019.02.10"]
[Round "7.5"]
[White "Krist, Radovan"]
[Black "Janicek, Jozef"]
[Result "1-0"]
[WhiteElo "1754"]
[BlackElo "1638"]
[PlyCount "89"]
[EventDate "2018.10.21"]
[EventType "team-tourn"]
[EventRounds "11"]
[EventCountry "SVK"]
[SourceTitle "CBM 189 Extra"]
[Source "ChessBase"]
[SourceDate "2019.05.31"]
[SourceVersion "1"]
[SourceVersionDate "2019.05.31"]
[SourceQuality "1"]
[WhiteTeam "Chynorany"]
[BlackTeam "Belusa"]
[WhiteTeamCountry "SVK"]
[BlackTeamCountry "SVK"]

1. e4 c5 2. Nf3 d6 3. d4 cxd4 4. Nxd4 Nf6 5. Nc3 a6 6. Be2 e5 7. Nb3 Be6 8. Bg5 Be7 9. Qd2 Nc6 10. 0-0 Bxb3 11. axb3 Nd4 12. Bd3 h6 13. Bxf6 Bxf6 14. Nd5 Bg5 15. f4 exf4 16. Qb4 Ne6 17. Qxb7 0-0 18. Rxa6 Nc5 19. Rxa8 Nxb7 20. Rxd8 Rxd8 21. Nxf4 Nc5 22. Nd5 Nd7 23. Ra1 Nf6 24. Kf1 Nxd5 25. exd5 Bf6 26. c3 Re8 27. Ra4 Be5 28. Kf2 g6 29. h3 Kg7 30. b4 f5 31. b5 Rb8 32. Kf3 h5 33. Ra6 Kf8 34. Rc6 Ke8 35. Rc7 Kd8 36. Ra7 Kc8 37. g4 hxg4+ 38. hxg4 Kd8 39. gxf5 gxf5 40. Ra4 Ke7 41. Rb4 f4 42. b6 Rb7 43. Ba6 Rb8 44. b7 Kd7 45. Rc4 1-0

[Event "SVK-chT3B2 1718"]
[Site "Slovakia"]
[Date "2018.01.07"]
[Round "7.4"]
[White "Bezak, Radovan"]
[Black "Janicek, Jozef"]
[Result "0-1"]
[WhiteElo "1643"]
[BlackElo "1611"]
[PlyCount "112"]
[EventDate "2017.10.08"]
[EventType "team-tourn"]
[EventRounds "11"]
[EventCountry "SVK"]
[SourceTitle "EXT 2019"]
[Source "ChessBase"]
[SourceDate "2018.10.10"]
[SourceVersion "1"]
[SourceVersionDate "2018.10.10"]
[SourceQuality "1"]
[WhiteTeam "Chynorany"]
[BlackTeam "Belusa"]
[WhiteTeamCountry "SVK"]
[BlackTeamCountry "SVK"]

1. d4 g6 2. Nf3 d6 3. c4 Bg7 4. Nc3 Nf6 5. Bg5 0-0 6. e3 c5 7. Be2 Nbd7 8. 0-0 h6 9. Bh4 g5 10. Bg3 Nh5 11. Qc2 f5 12. d5 f4 13. exf4 Nxf4 14. Bd3 Nxd3 15. Qxd3 g4 16. Nh4 Ne5 17. Qe4 Qe8 18. Rae1 Qh5 19. f4 gxf3 20. gxf3 Bh3 21. Rf2 Rf7 22. Ne2 Raf8 23. Nf4 Rxf4 24. Bxf4 Qxh4 25. Bxe5 Qxe4 26. fxe4 Rxf2 27. Kxf2 Bxe5 28. b3 Kf7 29. Kf3 h5 30. Rg1 Bg4+ 31. Kg2 a6 32. Rf1+ Kg7 33. Rf2 h4 34. h3 Bd7 35. Rf3 b5 36. Kf2 Be8 37. Kg2 Bg6 38. Re3 Bg3 39. Kf3 Bh5+ 40. Kg2 Kf6 41. cxb5 axb5 42. a4 bxa4 43. bxa4 Be5 44. a5 c4 45. a6 Bd4 46. Ra3 Ba7 47. Ra4 Be2 48. Ra2 Bd3 49. Kf3 c3 50. Ra1 c2 51. Rc1 Ke5 52. Kg4 Bxe4 53. Kxh4 Kxd5 54. Kg4 Ke5 55. Ra1 Be3 56. Ra5+ Ke6 0-1

[Event "SVK-chT3B2 1718"]
[Site "Slovakia"]
[Date "2017.12.17"]
[Round "6.6"]
[White "Janicek, Jozef"]
[Black "Huserka, Jan"]
[Result "1/2-1/2"]
[WhiteElo "1611"]
[BlackElo "1594"]
[PlyCount "60"]
[EventDate "2017.10.08"]
[EventType "team-tourn"]
[EventRounds "11"]
[EventCountry "SVK"]
[SourceTitle "EXT 2019"]
[Source "ChessBase"]
[SourceDate "2018.10.10"]
[SourceVersion "1"]
[SourceVersionDate "2018.10.10"]
[SourceQuality "1"]
[WhiteTeam "Belusa"]
[BlackTeam "Nemsova Horne Srnie"]
[WhiteTeamCountry "SVK"]
[BlackTeamCountry "SVK"]

1. d4 d6 2. Nf3 g6 3. e4 Bg7 4. c4 Bg4 5. Be2 Bxf3 6. Bxf3 c6 7. Be3 Nd7 8. Nc3 e6 9. Qd2 f6 10. g3 Ne7 11. Bh6 0-0 12. Bxg7 Kxg7 13. Bg2 f5 14. 0-0 fxe4 15. Nxe4 d5 16. Ng5 Rf6 17. Rae1 Nf8 18. Bh3 Nf5 19. Bxf5 exf5 20. Qe2 b6 21. Qe7+ Qxe7 22. Rxe7+ Kg8 23. cxd5 cxd5 24. Rfe1 h6 25. Nf3 a5 26. Rb7 Rc8 27. Re2 g5 28. Ne5 g4 29. f4 Rc1+ 30. Kf2 Rc8 1/2-1/2

[Event "SVK-chT3B2 1718"]
[Site "Slovakia"]
[Date "2017.10.08"]
[Round "1.5"]
[White "Sosovickova, Jana"]
[Black "Janicek, Jozef"]
[Result "1/2-1/2"]
[WhiteElo "1534"]
[BlackElo "1611"]
[PlyCount "50"]
[EventDate "2017.10.08"]
[EventType "team-tourn"]
[EventRounds "11"]
[EventCountry "SVK"]
[SourceTitle "EXT 2019"]
[Source "ChessBase"]
[SourceDate "2018.10.10"]
[SourceVersion "1"]
[SourceVersionDate "2018.10.10"]
[SourceQuality "1"]
[WhiteTeam "Dubnica nad Vahom IV"]
[BlackTeam "Belusa"]
[WhiteTeamCountry "SVK"]
[BlackTeamCountry "SVK"]

1. d4 g6 2. e4 Bg7 3. Bc4 d6 4. Nf3 Nf6 5. Nc3 0-0 6. 0-0 c6 7. Bb3 b5 8. a3 a6 9. Bf4 Bb7 10. Re1 Nh5 11. Be3 e5 12. d5 c5 13. Qd2 f5 14. Bg5 Qd7 15. Bh6 f4 16. Bxg7 Nxg7 17. Rad1 c4 18. Ba2 h6 19. h3 Bc8 20. Nh2 Qe7 21. f3 Qg5 22. Kh1 Nh5 23. Nf1 Qh4 24. Nh2 Kh7 25. Ne2 Rg8 1/2-1/2

[Event "SVK-chT3B2 1516"]
[Site "Slovakia"]
[Date "2016.04.03"]
[Round "11.4"]
[White "Bezak, Radovan"]
[Black "Janicek, Jozef"]
[Result "1/2-1/2"]
[WhiteElo "1689"]
[BlackElo "1595"]
[PlyCount "38"]
[EventDate "2015.10.11"]
[EventType "team-tourn"]
[EventRounds "11"]
[EventCountry "SVK"]
[SourceTitle "EXT 2018"]
[Source "ChessBase"]
[SourceDate "2017.10.13"]
[SourceVersion "1"]
[SourceVersionDate "2017.10.13"]
[SourceQuality "1"]
[WhiteTeam "Chynorany"]
[BlackTeam "Belusa"]
[WhiteTeamCountry "SVK"]
[BlackTeamCountry "SVK"]

1. d4 g6 2. Nf3 Bg7 3. e4 d6 4. Be2 Nf6 5. Nc3 0-0 6. 0-0 a6 7. Be3 b5 8. a3 Bb7 9. Nd2 Nbd7 10. f3 c5 11. d5 e6 12. dxe6 fxe6 13. Bg5 h6 14. Bh4 Qc7 15. Na2 Nh5 16. c3 g5 17. Bf2 Nf4 18. Nc1 c4 19. g3 Nh3+ 1/2-1/2

[Event "SVK-chT3B2 1516"]
[Site "Slovakia"]
[Date "2016.03.06"]
[Round "9.4"]
[White "Cernicky, Jan"]
[Black "Janicek, Jozef"]
[Result "1-0"]
[WhiteElo "1489"]
[BlackElo "1660"]
[PlyCount "73"]
[EventDate "2015.10.11"]
[EventType "team-tourn"]
[EventRounds "11"]
[EventCountry "SVK"]
[SourceTitle "EXT 2017"]
[Source "ChessBase"]
[SourceDate "2016.10.25"]
[SourceVersion "1"]
[SourceVersionDate "2016.10.25"]
[SourceQuality "1"]
[WhiteTeam "Dubnica nad Vahom IV"]
[BlackTeam "Belusa"]
[WhiteTeamCountry "SVK"]
[BlackTeamCountry "SVK"]

1. d4 Nf6 2. c4 g6 3. Nc3 Bg7 4. Bg5 d6 5. e3 0-0 6. Bd3 Nbd7 7. Nge2 b6 8. f3 Bb7 9. Qc2 c5 10. d5 Ne5 11. e4 Nxd3+ 12. Qxd3 h6 13. Bh4 Nh7 14. Qd2 g5 15. Bf2 Bc8 16. Be3 f5 17. exf5 Bxf5 18. Ng3 Be5 19. Nxf5 Rxf5 20. 0-0-0 Qf8 21. h3 Bg3 22. Ne4 Be5 23. h4 Bf4 24. hxg5 hxg5 25. Bxf4 Rxf4 26. Rh2 Qg7 27. Rdh1 Nf6 28. Nxg5 Rxc4+ 29. Kb1 Qg6+ 30. Ka1 Kg7 31. Ne6+ Kf7 32. Qe2 Rc2 33. Qe1 Rxg2 34. Nf4 Qg3 35. Rxg2 Qxf4 36. Qe6+ Kf8 37. Rh8+ 1-0

[Event "SVK-chT3B2 1516"]
[Site "Slovakia"]
[Date "2016.02.21"]
[Round "8.3"]
[White "Marko, Martin"]
[Black "Janicek, Jozef"]
[Result "1-0"]
[WhiteElo "1862"]
[BlackElo "1660"]
[PlyCount "51"]
[EventDate "2015.10.11"]
[EventType "team-tourn"]
[EventRounds "11"]
[EventCountry "SVK"]
[SourceTitle "EXT 2017"]
[Source "ChessBase"]
[SourceDate "2016.10.25"]
[SourceVersion "1"]
[SourceVersionDate "2016.10.25"]
[SourceQuality "1"]
[WhiteTeam "Prievidza II"]
[BlackTeam "Belusa"]
[WhiteTeamCountry "SVK"]
[BlackTeamCountry "SVK"]

1. c4 d6 2. Nc3 g6 3. g3 Bg7 4. Bg2 Nf6 5. e3 0-0 6. Nge2 Nc6 7. 0-0 e5 8. d4 Re8 9. b3 Rb8 10. Bb2 Nd7 11. f4 exd4 12. exd4 f5 13. Qd2 Nf6 14. Rae1 Ne4 15. Nxe4 fxe4 16. d5 e3 17. Qc1 Nb4 18. Bxg7 Nd3 19. Qc3 Nxe1 20. Bh6 Qe7 21. Rxe1 Bd7 22. Nd4 Qf7 23. Ne6 Bxe6 24. dxe6 Rxe6 25. Bd5 c6 26. Bxe6 1-0